000 01077nam2a22002291 4500
001 rc\4724569
005 20250612012807.0
035 _a(NLR Aleph) 008444129
090 _a9497309
_c9497309
100 _a20130416d1960 |||y0rusy50 ca
101 0 _arus
102 _aRU
105 _aa z |||||
200 1 _aРадиоастронавигационные устройства
210 _d1960
_aБ. м.
215 _a16 с.
_cил.
461 0 _1001rc\4724568
_12001#$aРадионавигационные устройства$e(Лекции)$eВып. 1-$fХарьковск. высш. авиац.-инж. воен. училище$vВып. 1
_1700#1$aСердаков$bА.С.$gАлександр Семенович
_99497303
_aСердаков, А.С.
_cХарьков
_d1960
_fХарьковск. высш. авиац.-инж. воен. училище
_nБ. и.
_o(Лекции) : Вып. 1-
_tРадионавигационные устройства
_vВып. 1
801 0 _aRU
_bNLR
_gpsbo
801 1 _aRU
_bELAR
_2rusmarc
852 _aNLR
_j60-6/6553
942 _cBOOK
980 _aNB